ARRUPE JESUIT UNIVERSITY

CORONAVIRUS -STOP THE SPREAD - CLEAN,DISINFECT,COVER

Invitation to the New Testament Epistles (Record no. 6338)

MARC details
000 -LEADER
fixed length control field 00663nam a2200205Ia 4500
003 - CONTROL NUMBER IDENTIFIER
control field ARRUPE
008 - FIXED-LENGTH DATA ELEMENTS--GENERAL INFORMATION
fixed length control field 130227s9999 xx 000 0 und d
020 ## - INTERNATIONAL STANDARD BOOK NUMBER
International Standard Book Number 0385147961
040 ## - CATALOGING SOURCE
Transcribing agency ARRUPELIB
050 ## - LIBRARY OF CONGRESS CALL NUMBER
Classification number BS2685.3.G47
100 ## - MAIN ENTRY--PERSONAL NAME
Personal name Getty, Mary Ann, Laverdiere, Eugene A. and Johnson, Luke Timothy
9 (RLIN) 13167
245 ## - TITLE STATEMENT
Title Invitation to the New Testament Epistles
Statement of responsibility, etc Getty, Mary Ann, Laverdiere, Eugene A. and Johnson, Luke Timothy
245 ## - TITLE STATEMENT
Remainder of title A Commentary on Galatians and Romans
260 ## - PUBLICATION, DISTRIBUTION, ETC. (IMPRINT)
Place of publication, distribution, etc New York
260 ## - PUBLICATION, DISTRIBUTION, ETC. (IMPRINT)
Name of publisher, distributor, etc Doubleday
300 ## - PHYSICAL DESCRIPTION
Extent 282p
300 ## - PHYSICAL DESCRIPTION
Other physical details 18cm
650 ## - SUBJECT ADDED ENTRY--TOPICAL TERM
9 (RLIN) 13168
Topical term or geographic name as entry element Bible NT
General subdivision Epistles of Paul
-- Commentaries
942 ## - ADDED ENTRY ELEMENTS (KOHA)
Source of classification or shelving scheme Library of Congress Classification
Item type Monograph ( Printed materials)
Holdings
Withdrawn status Lost status Source of classification or shelving scheme Damaged status Not for loan Collection code Home library Current library Date acquired Total Checkouts Full call number Barcode Date last seen Copy number Price effective from Koha item type Shelving location
    Library of Congress Classification     Main Collection ARRUPE LIBRARY ARRUPE LIBRARY 27/02/2013   BS2650.3.G47 V1 46408703 01/08/2016 1 27/02/2013 Monograph ( Printed materials)  
    Library of Congress Classification     Main Collection ARRUPE LIBRARY ARRUPE LIBRARY 10/12/2014   BS2650.3.G47 V2 46500003476 01/08/2016   10/12/2014 Monograph ( Printed materials) Main Collection
    Library of Congress Classification     Main Collection ARRUPE LIBRARY ARRUPE LIBRARY 10/12/2014   BS2650.3.G47 V3 46500003477 01/08/2016   10/12/2014 Monograph ( Printed materials) Main Collection

 

Arrupe Library. PO Box MP320 Mt Pleasant, Harare, Zimbabwe
263 242 745411|librarian@aju.ac.zw